Finish the Movie with a Movie II Quiz Stats

 Plays Quiz Updated Oct 28, 2019

Score 0/20 Timer 04:00
26 Plays Today
Question Answer Wrong Answers
As Good as ____ Gets It
94.3%
Toy Story
0.4%
Snakes on a Plane
0.8%
Pulp Fiction
0.6%
____ Royale Casino
93.7%
Raging Bull
1.3%
Silver Lining's Playbook
0.6%
Mary Poppins Returns
0.5%
Into the ____ Wild
87.7%
Space Jam
1.3%
Dumbo
0.6%
Animal House
5.9%
Frost/____ Nixon
86.3%
Dunkirk
3.6%
Coco
2.5%
Birdman
2.9%
Ella ____ Enchanted
82.3%
Devil Wears Prada
3.2%
Forrest Gump
2.7%
Serpico
6.8%
The Social ____ Network
81.8%
Dark Knight
1.5%
East of Eden
7.4%
Il Postino
4.4%
____ River Frozen
81.6%
Ice Age
2.5%
Batman and Robin
4.9%
The Day After Tomorrow
6.5%
The ____ Story Philadelphia
79.6%
Captain Phillips
7.2%
Pretty Woman
6.1%
Fellowship of the Ring
2.4%
____ for the Prosecution Witness
77%
Star Wars
3.1%
Air Force One
12.9%
Raiders of the Lost Ark
1.8%
____ and ____ Again Scream
72.8%
Inside Man
15.2%
40 Year Old Virgin
3.1%
Sausage Party
3.8%
My Stepmother Is an ____ Alien
71.1%
Predator
23.1%
Out of Africa
1.5%
Ted
0.4%
In Old ____ Chicago
68.3%
Brokeback Mountain
5%
Hamlet 2
16.2%
Tropic Thunder
4.8%
____head Eraser
67.3%
The Matrix
5.2%
The Fugitive
15.7%
Slumdog Millionaire
6.3%
The Muppet Christmas ____ Carol
67.1%
Shakespeare in Love
3.3%
Elizabeth
4.6%
Contagion
19.3%
____ Money Milk
65.9%
Dead Man Walking
8.6%
Mystic River
10.2%
I Am Sam
9.4%
District ____ 9
63.8%
A-Team
13.2%
My Left Foot
13.7%
Fargo
4%
____ Days Thirteen
62.1%
Hurt Locker
14%
Willow
12.3%
Terminator 2
5.3%
The Iron ____ Giant
62.1%
The Room
19.1%
127 Hours
5.2%
Disaster Artist
8.4%
____ Christmas Arthur
56.9%
The Godfather: Part II
14.9%
The Santa Clause
16.7%
Jerry Maguire
5.8%
The Skeleton ____ Twins
44.4%
Awakenings
32.9%
The Exorcist
9.7%
Get Out
7.2%

You're not logged in!

Compare scores with friends on all Sporcle quizzes.
OR
Log In

Sporcle TV

Today on Sporcle TV


Watch our educational content, quiz creation guides, and fun videos on Sporcle TV.

Show Comments

Extras

Top Quizzes Today


Score Distribution

Your Account Isn't Verified!

In order to create a playlist on Sporcle, you need to verify the email address you used during registration. Go to your Sporcle Settings to finish the process.

Report this User

Report this user for behavior that violates our Community Guidelines.

Details: